000 01268nam a22003377a 4500
003 CHAP
005 20220329135052.0
008 971013s1976 r 00010 d
010 _a30418
011 _a31390
035 _a35502
040 _cCHAP
082 _a581.5
_bM3
100 0 0 _aMansfield, Terence Arthur.
_970563
245 _aEffect of air pollutants on plants
260 _aLondon :
_bCambridge University,
_c1976
300 _a209 p.
_b; gráfs. : ilus
490 _aSociety forexperimental biology. Seminar series
_v; 1
590 _aBATCH-UPD
_b10
_c20130109
_lUCH01
_h2354
590 _aBATCH-UPD
_b10
_c20130110
_lUCH01
_h2218
590 _aBATCH-UPD
_b10
_c20130410
_lUCH01
_h1518
590 _aCONVERSION
_b10
_c20130109
_lUCH01
_h1317
650 1 4 _aAire
_xContaminacion
_xEfecto en plantas.
_93144
830 0 _aSociety forexperimental biology. Seminar series
_v; 1
_9108182
901 _aBK
942 _cLIBRO
949 _a581.5 M3
_bBC
_cLIBRO
_d-82147
_eLIBRO
_fc.4
_h57373
_i35502
_si
_t247.00
949 _a581.5 M3
_bBC
_cLIBRO
_d33724000541934
_eLIBRO
_h35269
_i35502
_si
_t247.00
949 _a581.5 M3
_bBC
_cLIBRO
_d33724000541942
_eLIBRO
_fc.2
_h50198
_i35502
_si
_t247.00
949 _a581.5 M3
_bBC
_cLIBRO
_d33724000541959
_eLIBRO
_fc.3
_h55067
_i35502
_si
_t247.00
999 _c30418
_d30418